The noble scholar, jurist, historian


 His Excellency Dr. Abdul Wahhab bin Ibrahim Abu Sulaiman, may Allah have mercy on him.


 He was born in Umm Al-Qura in the year 1356 AH.

تحفة الأشراف بمعرفة الأطراف : (Record no. 1498)

MARC details
000 -LEADER
fixed length control field 02552cam a2200337 i 4500
003 - CONTROL NUMBER IDENTIFIER
control field SA-RiAUC
005 - DATE AND TIME OF LATEST TRANSACTION
control field 20241020063221.0
008 - FIXED-LENGTH DATA ELEMENTS--GENERAL INFORMATION
fixed length control field 241020s1972 ii g i 000r0 ara c
040 ## - CATALOGING SOURCE
Original cataloging agency SA-RiSU
Language of cataloging ara
Transcribing agency SA-RiAUC
Description conventions rda
050 #4 - LIBRARY OF CONGRESS CALL NUMBER
Item number .H34 1972
082 04 - DEWEY DECIMAL CLASSIFICATION NUMBER
Classification number 235.016
Assigning agency SA-RiAUC
090 ## - LOCALLY ASSIGNED LC-TYPE CALL NUMBER (OCLC); LOCAL CALL NUMBER (RLIN)
Classification number (OCLC) (R) ; Classification number, CALL (RLIN) (NR) 235.016
Local cutter number (OCLC) ; Book number/undivided call number, CALL (RLIN) ح ا ف
100 1# - MAIN ENTRY--PERSONAL NAME
Personal name الحافظ المزي، يوسف بن عبد الرحمن بن يوسف،
Dates associated with a name 654-742 هجري
Relator term مؤلف.
245 10 - TITLE STATEMENT
Title تحفة الأشراف بمعرفة الأطراف :
Remainder of title معجم مفهرس لمسانيد الصحابة والرواة عنهم وموسوعة لجميع أحاديث الكتب الستة الصحاح /
Statement of responsibility, etc. تأليف أبو الحجاج المزي. معه، النكت الظراف على الأطراف / ابن حجر العسقلاني.
264 #1 - PRODUCTION, PUBLICATION, DISTRIBUTION, MANUFACTURE, AND COPYRIGHT NOTICE
Place of production, publication, distribution, manufacture نيودلهي :
Name of producer, publisher, distributor, manufacturer الدار القيمة،
Date of production, publication, distribution, manufacture, or copyright notice 1972
300 ## - PHYSICAL DESCRIPTION
Extent 1 مجلد ؛
Dimensions 24 × 17 سم
336 ## - CONTENT TYPE
Content type term نص
Content type code txt
Source rdacontent
Materials specified كتاب
337 ## - MEDIA TYPE
Media type term بدون وسيط
Media type code n
Source rdamedia
338 ## - CARRIER TYPE
Carrier type term مجلد
Carrier type code nc
Source rdacarrier
650 #7 - SUBJECT ADDED ENTRY--TOPICAL TERM
Topical term or geographic name entry element الحديث
General subdivision المسانيد
Form subdivision كشافات
Source of heading or term aucsh
650 #7 - SUBJECT ADDED ENTRY--TOPICAL TERM
Topical term or geographic name entry element الحديث
General subdivision الكتب الستة
Form subdivision كشافات
Source of heading or term aucsh
700 12 - ADDED ENTRY--PERSONAL NAME
Relationship information كشاف لـ (عمل) :
Personal name البخاري، محمد بن إسماعيل بن إبراهيم،
Dates associated with a name 194-256 هجري.
Title of a work الجامع الصحيح المسند المختصر من حديث رسول الله صلى الله عليه وسلم وسننه وأيامه
700 12 - ADDED ENTRY--PERSONAL NAME
Relationship information كشاف لـ (عمل) :
Personal name الإمام مسلم، مسلم بن الحجاج بن مسلم،
Dates associated with a name 204-261 هجري.
Title of a work المسند الصحيح المختصر من السنن بنقل العدل عن العدل عن رسول الله صلى الله عليه وسلم
700 12 - ADDED ENTRY--PERSONAL NAME
Relationship information كشاف لـ (عمل) :
Personal name الترمذي، محمد بن عيسى بن سورة،
Dates associated with a name 209-279 هجري.
Title of a work سنن الترمذي
700 12 - ADDED ENTRY--PERSONAL NAME
Relationship information كشاف لـ (عمل) :
Personal name أبو داود، سليمان بن الأشعث بن إسحاق،
Dates associated with a name 202-275 هجري.
Title of a work سنن أبي داود
700 12 - ADDED ENTRY--PERSONAL NAME
Relationship information كشاف لـ (عمل) :
Personal name النسائي، أحمد بن علي بن شعيب،
Dates associated with a name 215-303 هجري.
Title of a work سنن النسائي
700 12 - ADDED ENTRY--PERSONAL NAME
Relationship information كشاف لـ (عمل) :
Personal name ابن ماجة، محمد بن يزيد الربعي،
Dates associated with a name 209-273 هجري.
Title of a work سنن ابن ماجة
700 12 - ADDED ENTRY--PERSONAL NAME
Relationship information كشاف لـ (عمل) :
Personal name ابن حجر العسقلاني، أحمد بن علي بن محمد،
Dates associated with a name 773-852 هجري.
Title of a work النكت الظراف على الأطراف
942 ## - ADDED ENTRY ELEMENTS (KOHA)
Source of classification or shelving scheme Dewey Decimal Classification
Koha item type Books
Suppress in OPAC No
949 ## - LOCAL PROCESSING INFORMATION (OCLC)
a SA-JeALM
d 241020
u khaled123
n 1
Holdings
Withdrawn status Lost status Source of classification or shelving scheme Materials specified (bound volume or other part) Damaged status Not for loan Home library Current library Date acquired Total checkouts Full call number Barcode Date last seen Price effective from Koha item type
    Dewey Decimal Classification المجلد الخامس     DR AbdElwahab Library DR AbdElwahab Library 10/20/2024   235.016 ح ا ف 000002142 10/20/2024 10/20/2024 Books
    Dewey Decimal Classification المجلد السادس     DR AbdElwahab Library DR AbdElwahab Library 10/20/2024   235.016 ح ا ف 000002143 10/20/2024 10/20/2024 Books
    Dewey Decimal Classification المجلد السابع     DR AbdElwahab Library DR AbdElwahab Library 10/20/2024   235.016 ح ا ف 000002144 10/20/2024 10/20/2024 Books
    Dewey Decimal Classification المجلد الثامن     DR AbdElwahab Library DR AbdElwahab Library 10/20/2024   235.016 ح ا ف 000002145 10/20/2024 10/20/2024 Books
    Dewey Decimal Classification المجلد التاسع     DR AbdElwahab Library DR AbdElwahab Library 10/20/2024   235.016 ح ا ف 000002146 10/20/2024 10/20/2024 Books
    Dewey Decimal Classification المجلد العاشر     DR AbdElwahab Library DR AbdElwahab Library 10/20/2024   235.016 ح ا ف 000002147 10/20/2024 10/20/2024 Books